Experiment futbalové majstrovstvá Európy zorganizuje v roku 2020 spoločne trinásť krajín

Bibliographic Details
Main Author: Hríbik, Rastislav (Author)
Format: Article
Language:Slovak
PhysicalDescription:Fotogr., tab.
ISSN:1210-4040
Subjects:
Online Access:http://www.pluska.sk/plus-7-dni/zahranicie/platiniho-futbalovy-experiment-me-2020-bude-hostit-13-krajin.html

MARC

LEADER 00000nab a2200000 a 4500
001 vtls010639548
003 SK-MaSNL
005 20260303085039.0
008 141128c2014 xo wrzp 0 0slo
015 |a SNBRB2014/11  |2 rvgkpd 
038 |a RVGKPD 
040 |a RVGKPD  |b slo  |c RVGKPD  |e AACR2 
041 0 |a slo 
044 |a xo  |c SK 
080 |a 796.332  |2 2008 
100 1 |a Hríbik, Rastislav  |4 aut  |9 370347 
245 1 0 |a Experiment  |b futbalové majstrovstvá Európy zorganizuje v roku 2020 spoločne trinásť krajín  |c Rastislav Hríbik 
246 3 |a Platiniho futbalový experiment [elektronický zdroj] 
300 |b Fotogr., tab. 
650 0 7 |a majstrovstvá Európy vo futbale  |y 2020  |2 rvgkpd  |9 1093968 
650 0 7 |a futbal  |2 rvgkpd  |9 3291 
773 0 |t Plus 7 dní  |g Roč. XXIV, č. 40 (2014), s. [36]-38  |x 1210-4040 
852 |a RVGKPD  |b KIS3G 
856 4 1 |u http://www.pluska.sk/plus-7-dni/zahranicie/platiniho-futbalovy-experiment-me-2020-bude-hostit-13-krajin.html 
992 |a RBX 
999 |c 1797721  |d 1799651